000 00281nam a22001337a 4500
008 170321b xxu||||| |||| 00| 0 eng d
020 _a9789531789899
041 _asrb
080 _a61
100 _a4
101 _aSHM
245 _aINTERNA MEDICINA
_cJAKSIC, B
942 _2udc
_cBK
999 _c8193
_d8193